000 00299nam a22001337a 4500
008 170330b xxu||||| |||| 00| 0 eng d
020 _a9780815186823
041 _aeng
080 _23 ED
_a616-053.2
100 _a8
101 _aSHM
245 _aPEDIATRIC PEARLS
_cROSENSTEIN.B.J
942 _2udc
_cBK
999 _c9065
_d9065